| 000 | 00000nas 2200000zi 4500 |
| 001 | 9.944200 |
| 003 | CaOODSP |
| 005 | 20250916142409 |
| 006 | m o d f |
| 007 | cr cn |||||||| |
| 008 | 241017c20239999qucar p o f0###b0fre|d |
| 020 | |z9780660490151 |
| 022 | |a2818-7733 |
| 040 | |aCaOODSP|bfre|erda|cCaOODSP |
| 043 | |an-cn--- |
| 086 | 1 |aEm9-15F-PDF|zEm12-99/2023F-PDF |
| 222 | 3|aUn cadre d'indicateurs de rendement pour les données sur l'accessibilité |
| 245 | 03|aUn cadre d'indicateurs de rendement pour les données sur l'accessibilité. |
| 264 | 1|a[Gatineau, Québec] : |bEmploi et développement social Canada = Employment and Social Development Canada, |c[2023]- |
| 310 | |aAnnuel |
| 336 | |atexte|btxt|2rdacontent/fre |
| 337 | |ainformatique|bc|2rdamedia/fre |
| 338 | |aressource en ligne|bcr|2rdacarrier/fre |
| 362 | 1 |aParaît depuis : Phase 1 (31 août 2023). |
| 500 | |aPublié aussi en anglais sous le titre : A performance indicator framework for accessibility data. |
| 588 | |aDescription d'après : Phase 1 (31 août 2023); titre de la page couverture du fichier PDF. |
| 588 | |aDernière livraison consultée : Phase 1 (31 août 2023). |
| 650 | 6|aAccessibilité aux personnes handicapées|zCanada|vPériodiques. |
| 655 | 7|aPériodiques|2rvmgf |
| 710 | 1 |aCanada. |bEmploi et développement social Canada, |eorganisme de publication. |
| 775 | 08|tA performance indicator framework for accessibility data.|w(CaOODSP)9.944201 |